| 000 | 00575nam a2200181 u 4500 | ||
|---|---|---|---|
| 001 | 000486980 | ||
| 003 | AM-YeHGA | ||
| 005 | 20250617134258.0 | ||
| 008 | 060505s1984 ||||||||||||||||||||rus d | ||
| 040 | _aAM-YeHGA | ||
| 041 | 0 | _arus | |
| 100 | 1 | _aПейсахов, Нисон Меерович | |
| 245 | 1 | 0 |
_aЗакономерности динамики психических явлений / _cН.М. Пейсахов. |
| 260 |
_aКазань : _bИзд-во Казан. ун-та, _c1984. |
||
| 300 | _a235 с. | ||
| 650 | 1 | 4 | _aПсихология |
| 090 | _c180660 | ||
| 999 |
_c179212 _d179212 |
||